Такое сердце у меня: стихотворения и поэмы; пер. с узбек.

Opis bibliograficzny
1. autor: Зульфия
Język:rosyjski
Wydane: Ташкент, Изд-во литературы и искусства, 1978
Hasła przedmiotowe:
Format: Książka
KOHA link:https://koha.lib.tpu.ru/cgi-bin/koha/opac-detail.pl?biblionumber=320935

MARC

LEADER 00000nam0a2200000 4500
001 320935
005 20231102003326.0
035 |a (RuTPU)RU\TPU\book\346466 
090 |a 320935 
100 |a 20160801d1978 m y0rusy50 ca 
101 1 |a rus  |e uzb 
102 |a UZ 
105 |a a z 000gy 
200 1 |a Такое сердце у меня  |e стихотворения и поэмы  |e пер. с узбек.  |f Зульфия 
210 |a Ташкент  |c Изд-во литературы и искусства  |d 1978 
215 |a 376 с.  |c ил. 
606 1 |a Узбекская литература  |2 stltpush  |3 (RuTPU)RU\TPU\subj\62956  |9 80011 
610 1 |a художественная литература 
610 1 |a поэзия 
610 1 |a стихотворения 
610 1 |a поэмы 
675 |a 894.375  |v 4 
700 0 |a Зульфия 
801 1 |a RU  |b 63413507  |c 20160801 
801 2 |a RU  |b 63413507  |c 20200519  |g RCR 
942 |c BK